Ministerpräsidenten Bayerns seit 1946 - Statistiken

Allgemein
  • Dieses Quiz wurde 86 mal gespielt
  • Das Durchschnittsergebnis liegt bei 5 aus 11
Antwortstatistiken
Jahre Partei Antwort % Korrekt
seit 2018 CSU Markus Söder
100%
2008-2018 CSU Horst Seehofer
91%
1978-1988 CSU Franz Josef Strauß
89%
1993-2007 CSU Edmund Stoiber
81%
2007-2008 CSU Günther Beckstein
44%
1988-1993 CSU Max Streibl
33%
1962-1978 CSU Alfons Goppel
23%
1954-1957 SPD Wilhelm Hoegner
20%
1957-1960 CSU Hanns Seidel
13%
1946-1954 CSU Hans Ehard
13%
1960-1962 CSU Hans Ehard
13%
Keine übereinstimmenden Quizze gefunden
Verteilung der Resultate
Anzahl Personen mit jedem Resultat
Perzentil nach korrekt beantworteten Fragen
Ihre Resultats-Entwicklung
Sie haben dieses Quiz noch nicht gespielt